00858nam a2200193 a 4500003000200000005001700002008004100019050003000060100002200090245014800112260009200260300004000352504004100392650004100433650005100474650005500525650004600580650003800626020250410111526.0970101s19uu xx 00 eng d aPGS HQ 759.92b.T856 2004 aTropezado, Jaime. aThe effects of living with single / solo parents on grade school, high school and college students in Manila, SY 2003-2004 /cJaime Tropezado. aLas Piñas City, Philippines : bSouthville International School and Colleges,c2004. a33 pages :billustrations ;c28 cm. aIncludes bibliographical references. aSingle-parent familieszPhilippines. aSingle-parent familiesvPsychological aspects. aChildren of single parentszPsychological aspects. aStudentsvSocial conditionszPhilippines. aParentingvPsychological aspects.